Normal view MARC view
  • Niels W. Holm

Entry Personal Name

Number of records used in: 1

001 - CONTROL NUMBER

  • control field: 103984

003 - CONTROL NUMBER IDENTIFIER

  • control field: NUST

005 - DATE AND TIME OF LATEST TRANSACTION

  • control field: 20221202110213.0

008 - FIXED-LENGTH DATA ELEMENTS

  • fixed length control field: 221202|| aca||aabn | a|a d

040 ## - CATALOGING SOURCE

  • Original cataloging agency: NUST
  • Transcribing agency: NUST

100 ## - HEADING--PERSONAL NAME

  • Personal name: Niels W. Holm

670 ## - SOURCE DATA FOUND

  • Source citation: Work cat.: (NUST)193614: Niels W. Holm, Manual on radiation dosimetry / , 1970
© 2023 Central Library, National University of Sciences and Technology. All Rights Reserved.